Introduction to organizational behavior / (Record no. 35785)

MARC details
000 -LEADER
fixed length control field 03438nam a22003857a 4500
005 - DATE AND TIME OF LATEST TRANSACTION
control field 20101018110611.0
010 ## - LCCN (DPL NO)
LC control number B-417728-741
020 ## - INTERNATIONAL STANDARD BOOK NUMBER
International Standard Book Number 9788131512425
Terms of availability 375.00
035 ## - SYSTEM CONTROL NUMBER
System control number B-417728-741
037 ## - SOURCE OF ACQUISITION
Source of stock number/acquisition Asian Book Centre
082 ## - DEWEY DECIMAL CLASSIFICATION NUMBER
Classification number 658.1
100 ## - MAIN ENTRY--PERSONAL NAME
Personal name Moorhead, Gregory
245 ## - TITLE STATEMENT
Title Introduction to organizational behavior /
Statement of responsibility, etc by Gregory Moorhead [and] Ricky W. Griffin
260 ## - PUBLICATION, DISTRIBUTION, ETC. (IMPRINT)
Place of publication, distribution, etc New Delhi
Name of publisher, distributor, etc Cengage Learning India
Date of publication, distribution, etc 2010(repr.).
270 ## - ADDRESS
Address 418, F.OI.E. Patparganj
City New Delhi
Postal code 110092
300 ## - PHYSICAL DESCRIPTION
Extent 475p.
Dimensions 24cm(pbk)
500 ## - GENERAL NOTE
General note Includes index
700 ## - ADDED ENTRY--PERSONAL NAME
Personal name Griffin, Ricky W.
9 (RLIN) 23613
942 ## - ADDED ENTRY ELEMENTS (KOHA)
Source of classification or shelving scheme Dewey Decimal Classification
Item type English Books
Call number suffix MOO
Classification part 658.1
Holdings
Withdrawn status Lost status Not for loan Collection code Home library Current library Date acquired Source of acquisition Cost, normal purchase price Full call number Barcode Copy number Cost, replacement price Koha item type
      Non-fiction Bawana Bawana 19/10/2010 Asian Book Centre/2697/20.7.10/23/1.7.10/27.7.10 375.00 658.1 MOO B-417740 1 375.00 English Books
      Non-fiction Central Library Central Library 18/10/2010 Asian Book Centre/2697/20.7.10/23/1.7.10/27.7.10 375.00 658.1 MOO B-417728 1 375.00 English Books
      Non-fiction Janak Puri Janak Puri 19/10/2010 Asian Book Centre/2697/20.7.10/23/1.7.10/27.7.10 375.00 658.1 MOO B-417735 2 375.00 English Books
      Non-fiction Janak Puri Janak Puri 19/10/2010 Asian Book Centre/2697/20.7.10/23/1.7.10/27.7.10 375.00 658.1 MOO B-417736 2 375.00 English Books
      Non-fiction Mobile Library Mobile Library 18/10/2010 Asian Book Centre/2697/20.7.10/23/1.7.10/27.7.10 375.00 658.1 MOO B-417729 4 375.00 English Books
      Non-fiction Mobile Library Mobile Library 18/10/2010 Asian Book Centre/2697/20.7.10/23/1.7.10/27.7.10 375.00 658.1 MOO B-417730 4 375.00 English Books
      Non-fiction Mobile Library Mobile Library 18/10/2010 Asian Book Centre/2697/20.7.10/23/1.7.10/27.7.10 375.00 658.1 MOO B-417731 4 375.00 English Books
      Non-fiction Mobile Library Mobile Library 18/10/2010 Asian Book Centre/2697/20.7.10/23/1.7.10/27.7.10 375.00 658.1 MOO B-417732 4 375.00 English Books
      Non-fiction New Police Line New Police Line 19/10/2010 Asian Book Centre/2697/20.7.10/23/1.7.10/27.7.10 375.00 658.1 MOO B-417733 1 375.00 English Books
      Non-fiction Patel Nagar Patel Nagar 19/10/2010 Asian Book Centre/2697/20.7.10/23/1.7.10/27.7.10 375.00 658.1 MOO B-417734 1 375.00 English Books
      Non-fiction R.K.Puram-8 R.K.Puram-8 19/10/2010 Asian Book Centre/2697/20.7.10/23/1.7.10/27.7.10 375.00 658.1 MOO B-417738 1 375.00 English Books
      Non-fiction Sarojini Nagar Sarojini Nagar 19/10/2010 Asian Book Centre/2697/20.7.10/23/1.7.10/27.7.10 375.00 658.1 MOO B-417737 1 375.00 English Books
      Non-fiction Shahdara Branch Shahdara Branch 19/10/2010 Asian Book Centre/2697/20.7.10/23/1.7.10/27.7.10 375.00 658.1 MOO B-417741 1 375.00 English Books
      Non-fiction Vinoba Puri Vinoba Puri 19/10/2010 Asian Book Centre/2697/20.7.10/23/1.7.10/27.7.10 375.00 658.1 MOO B-417739 1 375.00 English Books

© Delhi Public Library
Hit Counter
free hit counter